01327nam a2200217 a 4500008004100000050002000041100003200061245005200093260003200145300001600177350000900193650001200202650002000214995015400234995015300388995015400541999001700695952013500712952012700847952013500974120416s2000 ||||||||||||||||| || u aQH 541.5.F7 Ful aBhatia, Ramesh [and others]10aFull cost pricing of water: options and impacts aNew DelhibTata Steelc2000 a48p. : ill. a0.00 aECOLOGY aAQUATIC ECOLOGY aMAIN LIBRARY OPEN ACCESSD0.00e736233FCBU-MAIN LIBRARY (Kitwe)H1I17.95jQH 541.5.F7 FulM1UAVAILABLEy38977ZMain Library Open Access Collection aANNEX COLLECTION (Main Library)D0.00e736232FCBU-MAIN LIBRARY (Kitwe)H2I17.95jQH 541.5.F7 FulM2UAVAILABLEy38976ZAnnex Low-Usage Collection  aMAIN LIBRARY OPEN ACCESSD0.00e736234FCBU-MAIN LIBRARY (Kitwe)H3I17.95jQH 541.5.F7 FulM3UAVAILABLEy38978ZMain Library Open Access Collection c63319d63319 00102lcc4070a001b001cMain Library Open Access Collectiond2022-12-24l0oQH 541.5.F7 Fulp38977r2022-12-24w2022-12-24y002 00102lcc4070a001b001cAnnex Low-Usage Collection d2022-12-24l0oQH 541.5.F7 Fulp38976r2022-12-24w2022-12-24y002 00102lcc4070a001b001cMain Library Open Access Collectiond2022-12-24l0oQH 541.5.F7 Fulp38978r2022-12-24w2022-12-24y002